| 000 | 00959nam a2200217Ia 4500 | ||
|---|---|---|---|
| 001 | 8846 | ||
| 005 | 20260311170831.0 | ||
| 008 | 260306t2009||||xx |||||||||||||| ||spa|| | ||
| 041 | _aESP | ||
| 082 |
_a372.4 _bS75A |
||
| 100 |
_aSpiner, Ester _eAUT |
||
| 245 | 0 |
_aTaller de lectura en el aula: _bcómo crear lectores autónomos |
|
| 260 | _c2009 | ||
| 300 |
_a135 páginas : _c26 cm. |
||
| 650 | _aGEN | ||
| 654 | _aCED | ||
| 856 |
_uhttps://itmsp.museknowledge.com/UCSP?url=https://www.ebooks7-24.com:443/?il=8953&pg=1 _zTaller de lectura y redacción II, por Guillermo Ulises Vidal López. Versión digital |
||
| 856 |
_uhttps://0u213s3ms-y-https-ebooks7--24-com.itmsp.museknowledge.com/biblioteca.aspx?t=82FA4D14-8584-48F7-9345-C34119061441 _zVéase además: Base de datos Ebook7-24 |
||
| 856 |
_uhttps://0u20fs3tj-y-https-research-ebsco-com.itmsp.museknowledge.com/c/qxo6us/search _zVéase además: Base de datos EBSCOhost |
||
| 942 |
_cLIB _dJUS _fJUS _2ddc |
||
| 999 |
_c8846 _d8846 |
||